Characterization of carbon black structure by mercury penetration (Record no. 55415)

MARC details
000 -LEADER
fixed length control field 00416nam a2200133Ia 4500
100 ## - MAIN ENTRY--AUTHOR NAME
Personal name Ue H
245 #0 - TITLE STATEMENT
Title Characterization of carbon black structure by mercury penetration
260 ## - PUBLICATION, DISTRIBUTION, ETC. (IMPRINT)
Name of publisher Proceedings of the International Rubber Conference, Kobe, Japan, 1995; p315-318
650 ## - SUBJECT ADDED ENTRY--TOPICAL TERM
Topical Term Carbon black
650 ## - SUBJECT ADDED ENTRY--TOPICAL TERM
Topical Term Mercury penetration
700 ## - ADDED ENTRY--PERSONAL NAME
Personal name Misono S
942 ## - ADDED ENTRY ELEMENTS (KOHA)
Koha item type Journals
Holdings
Withdrawn status Lost status Damaged status Not for loan Home library Current library Shelving location Date acquired Koha item type
      Journals RRII Library RRII Library Rubber chemistry 17/12/2021 Journals